000 00558nam a2200193Ia 4500
005 20260120124606.0
008 008 260114s9999 xx 000 0 eng d
020 _a9781848557826
037 _aEBOOK
040 _aCRL
_beng
_cCRL
041 _aeng
_2eng
084 _qCRL
245 0 _aNew Technology-Based Firms in the New Millennium
260 _bEmerald Publishing
_c2009
700 _aRay Oakey
_9908158
856 _uhttps://www.emerald.com/insight/publication/doi/10.1108/S1876-0228(2009)7
942 _cEBOOK
999 _c1500047
_d1500047